Unbreakable: An Autobiography (Record no. 96003)

MARC details
000 -LEADER
fixed length control field 00547nam a2200205Ia 4500
008 - FIXED-LENGTH DATA ELEMENTS--GENERAL INFORMATION
fixed length control field 230125s9999 xx 000 0 und d
020 ## - INTERNATIONAL STANDARD BOOK NUMBER
International Standard Book Number 9789351160090
041 ## - LANGUAGE CODE
Language code of text/sound track or separate title eng
082 ## - DEWEY DECIMAL CLASSIFICATION NUMBER
Classification number 920.72
Item number KOM
100 ## - MAIN ENTRY--PERSONAL NAME
Personal name Kom M
9 (RLIN) 118026
245 ## - TITLE STATEMENT
Title Unbreakable: An Autobiography
260 ## - PUBLICATION, DISTRIBUTION, ETC. (IMPRINT)
Date of publication, distribution, etc. 2013
Name of publisher, distributor, etc. Harper Collins Publishers
Place of publication, distribution, etc. Noida,Up
300 ## - PHYSICAL DESCRIPTION
Extent 155p
440 ## - SERIES STATEMENT/ADDED ENTRY--TITLE
Volume/sequential designation 1
500 ## - GENERAL NOTE
Keywords Biography;Biography-Women;Literature;Mary Kom;
650 ## - SUBJECT ADDED ENTRY--TOPICAL TERM
Topical term or geographic name as entry element Biography-Women
700 ## - ADDED ENTRY--PERSONAL NAME
Personal name Kom M & Serto D
9 (RLIN) 118027
906 ## - LOCAL DATA ELEMENT F, LDF (RLIN)
b 29
Holdings
Withdrawn status Lost status Damaged status Not for loan Home library Current library Date acquired Vendor Cost, normal purchase price Bill number Total Checkouts Full call number Barcode Date last seen Date last checked out Cost, replacement price Bill Date Koha item type Original Barcode
        Smt. Hiraben Nanavati Institute of Management & Research for Women Smt. Hiraben Nanavati Institute of Management & Research for Women 05/03/2018 Pritam Book Centre 199.00 10526 2 920.72 KOM B15889 HIMR-BK-15889 14/10/2024 08/10/2024 170.00 19/01/2018 Books B15889